Koľko globalizácie unesie človek?

Gespeichert in:
Bibliographische Detailangaben
1. Verfasser: Safranski, Rüdiger
Format: Buch
Sprache:Slowakisch
Veröffentlicht: Bratislava Kalligram 2006
Schriftenreihe:Edícia OS
Schlagworte:
Tags: Tag hinzufügen
Keine Tags, Fügen Sie das erste Tag hinzu!

MARC

LEADER 00000nam a2200000 4500
001 0192924
005 20240314093031.1
020 |a 80-7149-858-8 
041 0 |a slo 
044 |a SK 
245 1 0 |a Koľko globalizácie unesie človek?  |c Rüdiger Safranski 
264 1 |a Bratislava  |b Kalligram  |c 2006 
300 |a 94 s. 
490 1 |a Edícia OS 
830 0 |a Edícia OS 
610 2 0 |a globalizácia 
610 2 0 |a spoločnosť globálna 
610 2 0 |a vzťahy medzinárodné 
100 1 |a Safranski, Rüdiger